| 000 | 01335nam a22003497a 4500 | ||
|---|---|---|---|
| 003 | URS | ||
| 005 | 20260223164112.0 | ||
| 008 | 260216t2024 ph ||||| |||| 001 0 eng d | ||
| 020 | _a9786214271962 | ||
| 040 |
_aDLC _beng _cDLC _dURS _dDLC _erda |
||
| 082 |
_a352.609599 _bAd951 2024 |
||
| 100 |
_aAbante, Marmelo V., _eauthors. |
||
| 245 |
_aAdvanced local goverment and regional administration development / _cMarmelo V. Abante, ...[and nine others]. |
||
| 264 |
_aIntramuros, Manila: _bUnlimated Books Library Services & Publishing Inc., _c[2024] |
||
| 300 |
_aviii, 377 pages _c25.5 cm |
||
| 336 |
_2rdacontent _atext _btxt |
||
| 337 |
_2rdamedia _aunmediated _bn |
||
| 338 |
_2rdacarrier _avolume _bnc |
||
| 504 | _aIncludes bibliographical references (pages 375-377), and indexes. | ||
| 650 |
_aLocal government. _zPhilippines. |
||
| 650 |
_aRegional administration. _zPhilippines. |
||
| 700 |
_aAsturias, Peter M., _eauthors. |
||
| 700 |
_aDela Cruz, Estarlita G., _eauthors. |
||
| 700 |
_aJulianes Melchor, _eauthors. |
||
| 700 |
_aAbrenica, Ceilo M., _eco-authors. |
||
| 700 |
_aPancho, Ronald L., _eco-authors. |
||
| 700 |
_aSimbre, Roland M., _eco-authors. |
||
| 700 |
_aSoriano, Imelda I., _eco-authors. |
||
| 700 |
_aTiamzon, Elenita M., _eco-authors. |
||
| 700 |
_aQuintos, Darwin G., _eco-authors. |
||
| 942 |
_2ddc _cF |
||
| 999 |
_c98768 _d98765 |
||